Reformné opatrenia v dôchodkovom systéme Slovenskej republiky

Analýza reformy prvého piliera z pohľadu dopadov na výšku starobných dôchodkov rôznych príjmových skupín.

Na minha lista:
Detalhes bibliográficos
Autor principal: Pavlíková, Ľudmila
Outros Autores: Buleca, Ján, Bánociová, Anna
Formato: Capítulo de Livro
Idioma:eslovaco
Assuntos:
Tags: Adicionar Tag
Sem tags, seja o primeiro a adicionar uma tag!

MARC

LEADER 00000naa a2200000 4500
001 0161481
005 20231211131314.8
041 0 |a slo 
044 |a SK 
245 1 0 |a Reformné opatrenia v dôchodkovom systéme Slovenskej republiky  |c Ľudmila Pavlíková, Ján Buleca, Anna Bánociová 
520 |a Analýza reformy prvého piliera z pohľadu dopadov na výšku starobných dôchodkov rôznych príjmových skupín. 
610 2 0 |a Slovensko 
610 2 0 |a dôchodky starobné 
610 2 0 |a solidarita 
610 2 0 |a reformy dôchodkové 
100 1 |a Pavlíková, Ľudmila 
700 1 |a Buleca, Ján 
700 1 |a Bánociová, Anna